[Event "BL2-O9394"]
[Site "Germany"]
[Date "1994.??.??"]
[Round "?"]
[White "Winterstein, Wolfgang"]
[Black "Braun, Gottfried"]
[Result "1/2-1/2"]
[WhiteElo "2305"]
[BlackElo "2330"]

1.e4 d6 2.d4 Nf6 3.Nc3 e5 4.Nf3 Nbd7 5.Bc4 Be7 6.O-O O-O 7.a4 exd4 8.Nxd4 Ne5
9.Ba2 Nc6 10.Nxc6 bxc6 11.Bf4 Nd7 12.Ne2 Nc5 13.f3 Ba6 14.Be3 Bf6 15.c3 Nd3
16.Qc2 c5 17.Rfd1 c4 18.b4 cxb3 19.Bxb3 Ne5 20.c4 Nc6 21.Rab1 Qe7 22.Nf4 Bg5
23.c5 Bxf4 24.Bxf4 dxc5 25.Be3 Nd4 26.Bxd4 cxd4 27.Rxd4 c5 28.Rd5 c4 29.Ba2 Rfd8
30.Rxd8+ Rxd8 31.Rc1 Qc5+ 32.Kh1 g6 33.h3 Qd4 34.Kh2 Rb8 35.Qc3 Qxc3 36.Rxc3 Rb4
37.a5 Ra4 38.Rc2 Kf8 39.Kg3 Ke7 40.Kf4 Kd6 41.e5+ Kc5 42.Kg5 Bc8 43.Kf6 Be6
44.f4 Rxa5 45.g4 Ra3 46.Rf2 Rxh3 47.f5 gxf5 48.gxf5 Bd5 49.Ke7 Re3 50.e6 Bxe6
51.fxe6 fxe6 52.Bb1 h5 53.Rh2 Kb4 54.Rxh5 a5 55.Rh4 Kb3 56.Rh5 Kb2 57.Bg6 a4
58.Kd6 a3 59.Rh2+ Kb3 60.Bb1 c3 61.Kc5 Re5+ 62.Kd4 Rd5+ 63.Ke3 Rd2 64.Rh8 Kb2
65.Rb8+ Kc1 66.Be4 a2 67.Ra8 Rb2 68.Kd4 c2 69.Kc3 Kb1 70.Bd3 a1=Q 71.Rxa1+ Kxa1
72.Bxc2 Rb5 73.Bb3 e5 74.Bc4 Rc5 75.Kd3 Kb2 76.Be6 Rc1 77.Ke4 Re1+ 78.Kd3 Ka3
79.Kd2 Rg1 80.Kc3 Rg3+ 81.Kc4 e4 82.Kd4 e3 83.Kd3 Kb2  1/2-1/2

[Event "Graz-ch"]
[Site "Graz"]
[Date "1994.??.??"]
[Round "1"]
[White "Rothaler, A."]
[Black "Stuhlik, Marko"]
[Result "0-1"]
[WhiteElo "1975"]
[BlackElo "2170"]

1.e4 d6 2.d4 Nf6 3.Nc3 c6 4.f3 Nbd7 5.Be3 e5 6.d5 Qa5 7.Qd2 Be7 8.Nge2 cxd5
9.Nxd5 Qxd2+ 10.Bxd2 Nxd5 11.exd5 Nb6 12.Nc3 Bf5 13.Bb5+ Bd7 14.Bd3 O-O 15.O-O f5
16.a4 Rac8 17.b3 Bf6 18.a5 Na8 19.Bc4 e4 20.fxe4 b5 21.axb6 Nxb6 22.Kh1 Nxc4
23.bxc4 fxe4 24.Rxa7 Bxc3 25.Rxf8+ Rxf8  0-1

[Event "Graz op"]
[Site "Graz"]
[Date "1994.??.??"]
[Round "1"]
[White "Timoshenko, Georgy"]
[Black "Peisser, Manfred"]
[Result "1-0"]
[WhiteElo "2550"]
[BlackElo "2205"]

1.d4 d6 2.e4 Nf6 3.Nc3 c6 4.f4 Qa5 5.Bd3 Bg4 6.Nf3 e5 7.Be3 exd4 8.Bxd4 Qb4
9.Bxf6 gxf6 10.Qd2 Nd7 11.O-O-O O-O-O 12.Kb1 Nc5 13.a3 Qb6 14.f5 Be7 15.Ka2 Bxf3
16.gxf3 Rhg8 17.Bc4 Rg7 18.h4 Nd7 19.f4 Rdg8 20.Rh2 Qc7 21.Qe2 Nb6 22.Bb3 Kb8
23.Qh5 d5 24.exd5 c5 25.d6 Bxd6 26.Nb5 Qc6 27.Nxd6 c4 28.Nxc4 Nxc4 29.Re2 a5
30.Rd4 b5 31.Re1 Nxb2 32.Kxb2 Rc8 33.Qd1 a4 34.Bd5 Qc3+ 35.Kb1 Qxa3 36.Qd3 Qxd3
37.Rxd3 Rg4 38.Re4 Rg2 39.Re7  1-0

[Event "Graz-ch"]
[Site "Graz"]
[Date "1994.??.??"]
[Round "1"]
[White "Zirngast, Erhard"]
[Black "Janisch, Robert"]
[Result "0-1"]
[WhiteElo "1820"]
[BlackElo "2085"]

1.e4 d6 2.d4 Nf6 3.Nc3 c6 4.Bg5 Qa5 5.Qd2 Nbd7 6.f4 e5 7.Nf3 Be7 8.Bd3 exd4
9.Nxd4 h6 10.Bh4 Nc5 11.Nf5 Bxf5 12.exf5 Nfe4 13.Bxe4 Bxh4+ 14.g3 Bf6 15.Bd3 O-O-O
16.O-O-O Bxc3 17.Qxc3 Qxc3 18.bxc3 Na4 19.Kd2 d5 20.Rde1 b5 21.Re7 Rd7 22.Rhe1 Nc5
23.f6 g6 24.Bxg6 fxg6 25.Re8+ Rd8 26.Rxd8+ Kxd8 27.Re7 Ne4+  0-1

[Event "Graz op"]
[Site "Graz"]
[Date "1994.??.??"]
[Round "2"]
[White "Wittmann, Walter"]
[Black "Bachler, Reinhardt"]
[Result "1-0"]
[WhiteElo "2390"]
[BlackElo "2225"]

1.e4 d6 2.d4 Nf6 3.Nc3 c6 4.Nf3 Bg4 5.Be3 Qa5 6.Qd2 Nbd7 7.Bd3 e5 8.Ne2 Qc7
9.h3 Bxf3 10.gxf3 Nh5 11.O-O-O g6 12.f4 Bg7 13.Kb1 exf4 14.Bxf4 Nxf4 15.Qxf4 Nf8
16.Qe3 Ne6 17.f4 Qb6 18.c3 O-O-O 19.Rhf1 c5 20.Bc4 cxd4 21.cxd4 Nc7 22.Bxf7 Rhf8
23.Bb3 d5 24.e5 Kb8 25.Qg3 Qa6 26.Rf2 Rd7 27.Nc3 Qe6 28.Qg4 h5 29.Qxe6 Nxe6
30.Nxd5 Rfd8 31.Nc3 Rxd4 32.Rxd4 Nxd4 33.Bf7 g5 34.e6 Bf6 35.Ne4 Be7 36.fxg5 Nc6
37.Rf1 Rd4 38.g6 Bf8 39.Be8 Nb4 40.Nc3 Bh6 41.e7  1-0

[Event "Graz-ch"]
[Site "Graz"]
[Date "1994.??.??"]
[Round "3"]
[White "Wallner, Dieter"]
[Black "Stuhlik, Marko"]
[Result "1/2-1/2"]
[WhiteElo "2075"]
[BlackElo "2170"]

1.e4 d6 2.d4 Nf6 3.Nc3 c6 4.Nf3 Qa5 5.Bd3 e5 6.dxe5 dxe5 7.h3 Be7 8.O-O Qc7
9.b3 Nbd7 10.Bb2 O-O 11.Ne2 Re8 12.Ng3 Bf8 13.c4 a5 14.a3 b6 15.Bc2 Ba6 16.a4 Bb4
17.Qe2 Nf8 18.Nf5 N6d7 19.Nh2 Ng6 20.g3 Rad8 21.h4 Nc5 22.Rad1 f6 23.h5 Nf8
24.Ng4 Rxd1 25.Rxd1 Re6 26.Ngh6+  1/2-1/2

[Event "Graz-ch"]
[Site "Graz"]
[Date "1994.??.??"]
[Round "4"]
[White "Maier, Gerald"]
[Black "Janisch, Robert"]
[Result "1/2-1/2"]
[WhiteElo "2030"]
[BlackElo "2085"]

1.e4 d6 2.d4 Nf6 3.Nc3 c6 4.Bd3 e5 5.dxe5 dxe5 6.h3 b5 7.Nf3 Nbd7 8.O-O Be7
9.Ne2 O-O 10.g4 Qc7 11.b3 Nc5 12.Ng3 Rd8 13.Qe2 g6 14.Bb2 Nfd7 15.Rad1 Ne6
16.Kh2 Nf4 17.Qe3 f6 18.c4 Nc5 19.Be2 Rxd1 20.Rxd1 Nxe2 21.Qxe2 Qa5 22.g5 Qxa2
23.gxf6 Bxf6 24.cxb5 cxb5 25.b4 Ne6 26.Nxe5 Nf4 27.Qd2 Nxh3 28.Qd6 Nxf2 29.Qxf6 Nxd1
30.Qd8+ Kg7 31.Qe7+ Kg8  1/2-1/2

[Event "Graz-ch"]
[Site "Graz"]
[Date "1994.??.??"]
[Round "4"]
[White "Fahrner, Kurt"]
[Black "Peisser, Manfred"]
[Result "1-0"]
[WhiteElo "2310"]
[BlackElo "2085"]

1.e4 d6 2.Nc3 Nf6 3.d4 c6 4.Nf3 Bg4 5.h3 Bh5 6.Bf4 e6 7.g4 Bg6 8.Bd3 d5 9.exd5 Nxd5
10.Nxd5 exd5 11.Qe2+ Be7 12.O-O-O Bxd3 13.Rxd3 O-O 14.Re1 Bb4 15.c3 Ba5 16.Qe7 Nd7
17.Rde3 Bc7  1-0

[Event "Graz-ch"]
[Site "Graz"]
[Date "1994.??.??"]
[Round "5"]
[White "Rothaler, A."]
[Black "Janisch, Robert"]
[Result "0-1"]
[WhiteElo "1975"]
[BlackElo "2085"]

1.e4 d6 2.d4 Nf6 3.Nc3 c6 4.f3 Nbd7 5.Be3 e5 6.Nge2 Qb6 7.Qc1 Qa5 8.Qd2 b5
9.Ng3 b4 10.Nce2 Nb6 11.Nc1 exd4 12.Bxd4 c5 13.Nb3 Qa4 14.Bxf6 gxf6 15.Nh5 Be7
16.Ng7+ Kd8 17.Nxc5 Qc6 18.Nd3 a5 19.b3 Rg8 20.Nh5 f5 21.Ne5 Qe8 22.O-O-O Bg5
23.f4 Qxe5 24.fxe5 Bxd2+ 25.Rxd2 fxe4 26.Rxd6+ Kc7 27.Nf6 Rg5 28.Ne8+ Kb7
29.Rf6 Rxe5 30.Rxf7+ Kc6 31.Rc7+ Kd5 32.Nf6+ Kd6 33.Rxh7 Bf5 34.Be2 Bxh7
35.Nxh7 Ke7 36.Rf1 Rh8 37.Nf6 Rf8 38.Ng4 Rxf1+ 39.Bxf1 Rc5 40.Kd2 Nd5 41.h3 Rc3
42.Ne5 Ne3 43.Bb5 Nxg2 44.Nc6+ Kf6 45.Nxa5 e3+ 46.Kd1 Nf4 47.Bc4 Kf5 48.Nc6 e2+
49.Kd2 Rxc2+  0-1

[Event "Graz-ch"]
[Site "Graz"]
[Date "1994.??.??"]
[Round "6"]
[White "Spindelboeck, Gernot"]
[Black "Peisser, Manfred"]
[Result "1/2-1/2"]
[WhiteElo "1980"]
[BlackElo "2080"]

1.e4 d6 2.d4 Nf6 3.Nc3 c6 4.Nf3 Bg4 5.h3 Bxf3 6.Qxf3 e5 7.Qd3 Nbd7 8.Be2 Be7
9.O-O O-O 10.Be3 exd4 11.Qxd4 Nc5 12.Rad1 Ne6 13.Qd2 Qc7 14.f4 Rfd8 15.Qe1 b5
16.Bf3 b4 17.Nb1 Rab8 18.Nd2 Qa5 19.g4 Ne8 20.f5 Ng5 21.Bg2 h6 22.h4 Nh7
23.Qg3 f6 24.Nb3 Qc7 25.Nd4 Nf8 26.Kf2 c5 27.Ne2 Qc8 28.Nf4 Nc7 29.Rh1 Rd7
30.Nh5 Qd8 31.Nf4 Rb6 32.Bf3 Ra6 33.Be2 Rb6 34.Bc4+ Kh8 35.Rdg1 d5 36.Nxd5 Nxd5
37.Bxd5 Bd6 38.Qg2 Qc7 39.g5 fxg5 40.hxg5 Bf4 41.gxh6 g6 42.Qf3 Be5 43.fxg6 Nxg6
44.Qh5 Rf6+ 45.Ke2 Qd6 46.Bg5 Rf8 47.h7 Bxb2 48.Bd2 Rf6 49.Bg5 Rf8 50.Bd2  1/2-1/2

[Event "Graz op"]
[Site "Graz"]
[Date "1994.??.??"]
[Round "7"]
[White "Frosch, Erich"]
[Black "Peisser, Manfred"]
[Result "1-0"]
[WhiteElo "2280"]
[BlackElo "2205"]

1.d4 d6 2.e4 Nf6 3.Nc3 c6 4.f4 Qa5 5.Bd2 Qb6 6.Nf3 Bg4 7.Na4 Qc7 8.Bd3 Nbd7
9.c4 e5 10.fxe5 dxe5 11.d5 Nc5 12.Qc2 Nxd3+ 13.Qxd3 Nd7 14.O-O Nc5 15.Nxc5 Bxc5+
16.Kh1 Bxf3 17.Rxf3 Bd4 18.Raf1 f6 19.b4 O-O-O 20.Qb3 c5 21.b5 b6 22.a4 Kd7
23.Rg3 Kc8 24.a5 Rd7 25.Qa4 Qb7 26.Ra3 Kc7 27.Qd1 Kd6 28.Qg4 Re7 29.h4 Qd7
30.Qg3 Qe8 31.axb6 axb6 32.Ra6 Rb7 33.Ba5 Qg6 34.Qh3 Kc7 35.Qe6 Rhb8 36.d6+  1-0

[Event "Groningen op"]
[Site "Groningen"]
[Date "1994.??.??"]
[Round "2"]
[White "Jonkman, Harmen"]
[Black "Ismailova, Lala"]
[Result "1-0"]
[WhiteElo "2280"]
[BlackElo "2095"]

1.e4 d6 2.d4 Nf6 3.Nc3 e5 4.Nf3 Nbd7 5.Bc4 Be7 6.O-O O-O 7.Re1 exd4 8.Nxd4 Ne5
9.Bf1 Be6 10.Bf4 Ng6 11.Bg3 Re8 12.h3 Bf8 13.Qd2 c6 14.Rad1 d5 15.exd5 Bxd5
16.Rxe8 Qxe8 17.Ndb5 Ne4 18.Nxe4 Qxe4 19.Nc3 Qf5 20.Nxd5 cxd5 21.Qxd5 Qxc2
22.Bc4 Nh8 23.Bb3 Qc6 24.Qxc6 bxc6 25.Rd7 a5 26.Rc7 a4 27.Bc4 c5 28.Rd7 h6
29.Be5 Re8 30.Bc3 Ra8 31.g3 a3 32.b3 g6 33.Kg2 Bg7 34.Bxg7 Kxg7 35.Rc7 Ra5
36.Kf3 Kf6 37.Ke4 Ra8 38.Rxc5 Re8+ 39.Kf3 Ra8 40.Rc7 g5 41.Ke4 Re8+ 42.Kd4 Rd8+
43.Kc3 Ra8 44.b4 h5 45.b5  1-0

[Event "Groningen op"]
[Site "Groningen"]
[Date "1994.??.??"]
[Round "2"]
[White "Onoprienko, Vladimir"]
[Black "Ellenbroek, Ton"]
[Result "1-0"]
[WhiteElo "2315"]
[BlackElo "2195"]

1.e4 d6 2.Nc3 e5 3.d4 Nf6 4.dxe5 dxe5 5.Qxd8+ Kxd8 6.Nf3 Bd6 7.Bc4 Be6 8.Bb3 h6
9.h3 Bxb3 10.axb3 Nc6 11.Be3 Nb4 12.O-O-O Ke7 13.Nh4 Rhd8 14.Nf5+ Kf8 15.g4 Rd7
16.f3 a5 17.Kb1 Be7 18.Rdg1 Ne8 19.h4 Nd6 20.Ng3 b5 21.g5 h5 22.Nxh5 a4 23.Rd1 axb3
24.cxb3 Rad8 25.Ng3 Nb7 26.Rxd7 Rxd7 27.h5 Kg8 28.Nf5 Bc5 29.Rd1 Rxd1+ 30.Nxd1 g6
31.hxg6 fxg6 32.Nh6+ Kg7 33.Ng4 Bxe3 34.Ndxe3 Nc5 35.Nd5 Nc6 36.Nxc7 b4 37.Kc2 Nd4+
38.Kd2 Nxf3+ 39.Ke3 Nxg5 40.Nxe5 Ngxe4 41.Kd4 Kf6 42.Nd5+ Ke6 43.Nxg6 Kd6
44.Ne5 Nd2 45.Nc4+ Nxc4 46.Kxc4 Ne4 47.Nxb4 Nd2+ 48.Kc3 Nf3 49.Nd3 Kc6 50.Kb4 Kb6
51.Ka4 Nd4 52.b4 Ka6 53.Nf4 Kb6 54.Nd5+ Ka6 55.Nc3 Kb6 56.b5 Kc5 57.Ka5 Kc4
58.b6 Nc6+ 59.Ka6 Kb3 60.b7 Kxb2 61.Nb5 Nb8+ 62.Ka7 Nd7 63.Nc7 Kc3 64.Nd5+ Kd4
65.Nf6 Ne5 66.Kb6 Nc4+ 67.Ka6  1-0

[Event "Groningen op"]
[Site "Groningen"]
[Date "1994.??.??"]
[Round "5"]
[White "Fontaine, Robert"]
[Black "Zhukova, Natalia"]
[Result "0-1"]
[WhiteElo "2155"]
[BlackElo "2225"]

1.e4 d6 2.d4 Nf6 3.Nc3 c6 4.f4 Qa5 5.Bd3 e5 6.dxe5 dxe5 7.f5 b5 8.Bd2 b4
9.Nce2 Qb6 10.Ng3 Bc5 11.Nh3 Ba6 12.Bxa6 Nxa6 13.Qf3 O-O-O 14.O-O-O Rd7 15.Rhe1 h6
16.Nf1 Rhd8 17.Qg3 Qa5 18.Kb1 b3 19.Qxb3 Rxd2 20.Nxd2 Rxd2 21.Qxf7 Bd4 22.Qc4 Nc5
23.c3 Rxb2+ 24.Kxb2 Bxc3+ 25.Kc2 Bxe1 26.Ng1 Bb4 27.Rc1 Nfxe4 28.Nf3 Qa3
29.Qg8+ Kc7 30.Qf7+ Kb6 31.Qc4 a5 32.h3 Nd6 33.Qg8 Qd3+ 34.Kb2 Na4+  0-1

[Event "Groningen op"]
[Site "Groningen"]
[Date "1994.??.??"]
[Round "5"]
[White "Truta, Srecko"]
[Black "Ellenbroek, Ton"]
[Result "0-1"]
[WhiteElo "2265"]
[BlackElo "2195"]

1.d4 d6 2.e4 Nf6 3.Nc3 e5 4.Nf3 Nbd7 5.Bc4 Be7 6.O-O O-O 7.Re1 c6 8.Bf1 a6
9.a4 b6 10.h3 Bb7 11.Be3 b5 12.d5 cxd5 13.Nxd5 Nxd5 14.exd5 Nb6 15.axb5 axb5
16.Bxb5 Nxd5 17.Bf1 Rxa1 18.Qxa1 Qc7 19.c3 Nxe3 20.Rxe3 f5 21.Qa2+ Kh8 22.Qc4 Qxc4
23.Bxc4 Bf6 24.Re1 d5 25.Bb3 Re8 26.Nd4 g6 27.Nb5 Bc6 28.Nc7 Rd8 29.Rd1 d4
30.Ne6 Rb8 31.Bc4 Rxb2 32.cxd4 exd4 33.Nxd4 Ba4 34.Ra1 Rb4  0-1

[Event "Groningen op"]
[Site "Groningen"]
[Date "1994.??.??"]
[Round "6"]
[White "Geurink, Jasper"]
[Black "Ismailova, Lala"]
[Result "1-0"]
[WhiteElo "2290"]
[BlackElo "2095"]

1.e4 d6 2.d4 Nf6 3.Nc3 e5 4.Nf3 Nbd7 5.Bc4 Be7 6.O-O O-O 7.Re1 exd4 8.Nxd4 Ne5
9.Be2 d5 10.exd5 Nxd5 11.Nxd5 Qxd5 12.Nf5 Qd8 13.Nxe7+ Qxe7 14.Bf4 Qf6 15.Qc1 c6
16.a4 Bf5 17.Ra3 Rfe8 18.Bf1 Ng6 19.Rxe8+ Rxe8 20.Be3 b6 21.a5 c5 22.axb6 axb6
23.Ra6 Qc6 24.Ra7 h6 25.Qa1 Bxc2 26.Qa6 Rd8 27.Qc4 Ne5 28.Qxc2 Rd6 29.Bf4 Qe8
30.Bxe5  1-0

[Event "Groningen op"]
[Site "Groningen"]
[Date "1994.??.??"]
[Round "9"]
[White "Bilciu, Claudia"]
[Black "Manouck, Thierry"]
[Result "1/2-1/2"]
[WhiteElo "2145"]
[BlackElo "2285"]

1.d4 d6 2.e4 Nf6 3.Nc3 Nbd7 4.f4 e5 5.fxe5 dxe5 6.dxe5 Nxe5 7.Qxd8+ Kxd8
8.Bf4 Bd6 9.O-O-O Ke7 10.Kb1 c6 11.Nf3 Nfd7 12.Be2 f6 13.Nd4 g6 14.Rhf1 Nf7
15.g3 Nde5 16.Rd2 Bh3 17.Rfd1 Rad8 18.Nf3 Bc5 19.Nxe5 Nxe5 20.Na4 Rxd2 21.Bxd2 Bd6
22.Be3 b6 23.Nc3 h5 24.a4 Ng4 25.Bxg4 Bxg4 26.Rd2 h4 27.Bf4 Bc5 28.e5 g5
29.exf6+ Kxf6 30.Ne4+ Kf5 31.Nxg5 Re8 32.Nf7 Re1+ 33.Ka2 Bf3 34.Nd6+ Kg4
35.Nc4 Bd5 36.b3 Bxc4 37.bxc4 h3 38.Bb8 a5 39.Kb2 Bg1 40.Bc7 Rf1 41.Rd7 Bxh2
42.Rh7 Bg1 43.Rh4+ Kg5 44.Rxh3 Bd4+ 45.c3 Rf2+ 46.Kb3 Be3 47.Rh4 Bc1 48.Bf4+ Bxf4
49.Rxf4 Rxf4 50.gxf4+ Kxf4 51.c5 bxc5 52.Kc4 Ke3 53.Kxc5 Kd3 54.Kxc6 Kxc3
55.Kb5 Kd4 56.Kxa5 Kc5 57.Ka6 Kc6 58.Ka7 Kc7 59.a5 Kc8 60.a6 Kc7  1/2-1/2

[Event "Groningen op"]
[Site "Groningen"]
[Date "1994.??.??"]
[Round "10"]
[White "Kuznetsova, Elena"]
[Black "Ismailova, Lala"]
[Result "1-0"]
[WhiteElo "2190"]
[BlackElo "2095"]

1.e4 d6 2.d4 Nf6 3.Nc3 e5 4.dxe5 dxe5 5.Qxd8+ Kxd8 6.Nf3 Bd6 7.Bc4 Be6 8.Bxe6 fxe6
9.h3 Nc6 10.Be3 Ke7 11.a3 h6 12.g4 g5 13.O-O-O Rhf8 14.Nd2 Nd7 15.h4 Nf6
16.Rdg1 Rg8 17.hxg5 hxg5 18.Nf3 Na5 19.Bxg5 Raf8 20.Rh6 Rg7 21.Rgh1 Rgf7
22.Rxf6 Rxf6 23.Rh6 Nc4 24.Nh4 Rf7 25.Nf5+ exf5 26.Nd5+ Kd7 27.Nxf6+ Kc6
28.gxf5 Rg7 29.Rg6 Rf7 30.a4 b6 31.b3 Na5 32.Ng4 Kb7 33.Nh6 Rd7 34.Kb2 Bc5
35.Be3 Bd4+ 36.Bxd4 exd4 37.f6 d3 38.f7 d2 39.Rg1  1-0

[Event "Gyongyos op"]
[Site "Gyongyos"]
[Date "1994.??.??"]
[Round "?"]
[White "Okhotnik, Vladimir"]
[Black "Sutorikhin, Vladimir"]
[Result "1/2-1/2"]
[WhiteElo "2400"]
[BlackElo "2335"]

1.e4 d6 2.d4 Nf6 3.Nc3 e5 4.Nf3 Nbd7 5.g3 c6 6.Bg2 b5 7.O-O Be7 8.Nh4 Nb6
9.dxe5 dxe5 10.Nf5 O-O 11.Nxe7+ Qxe7 12.a3 a5 13.b3 Rd8 14.Qf3 b4 15.axb4 axb4
16.Rxa8 Nxa8 17.Na4 Nc7 18.Qe3 Ba6 19.Re1 Ne6 20.Qb6 Bb5 21.Be3 Ng4 22.Bf1 Nxe3
23.Qxe3 Nd4 24.Bd3 Bxa4 25.bxa4 c5 26.Rc1 Qd7 27.a5 Qc7 28.a6 c4 29.Bf1 Ra8
30.c3 bxc3 31.Rxc3 Rxa6 32.Rxc4 Rc6 33.Qa3 Rxc4 34.Bxc4 g6 35.Qa8+ Kg7 36.Qd5 Ne6
37.Kg2 Qc5 38.h4 Kf6 39.Qxc5 Nxc5 40.Kf3 h6 41.Bd5 Ke7 42.Kg4 Nd7 43.Bc6 Nf6+
44.Kf3 g5 45.hxg5 hxg5 46.Ke3 Ng4+ 47.Ke2 Nh6 48.Ke3 f5 49.exf5 Nxf5+ 50.Ke4 Kf6
51.Bd7 Nd4 52.Kd5 Ne2  1/2-1/2

[Event "Gyongyos op"]
[Site "Gyongyos"]
[Date "1994.??.??"]
[Round "?"]
[White "Dovzik, Juri"]
[Black "Sutorikhin, Vladimir"]
[Result "0-1"]
[WhiteElo "2375"]
[BlackElo "2335"]

1.e4 d6 2.d4 Nf6 3.Nc3 e5 4.Nf3 Nbd7 5.Bc4 Be7 6.Bxf7+ Kxf7 7.Ng5+ Kg8 8.Ne6 Qe8
9.Nxc7 Qg6 10.Nxa8 Qxg2 11.Rf1 exd4 12.Qe2 dxc3 13.Qc4+ d5 14.Qxc8+ Kf7 15.Qxc3 Qxe4+
16.Kd1 Rxa8 17.Qe3 Bc5 18.Qxe4 Nxe4 19.Be3 d4 20.Bf4 Ndf6 21.f3 Nd6 22.Ke2 Nd5
23.Bd2 Nc4 24.Bc1 Re8+ 25.Kd3  0-1

[Event "Hania op"]
[Site "Hania"]
[Date "1994.??.??"]
[Round "4"]
[White "Afek, Yochanan"]
[Black "Nikolaidis, Ioannis"]
[Result "1/2-1/2"]
[WhiteElo "2400"]
[BlackElo "2460"]

1.e4 Nf6 2.Nc3 d6 3.d4 e5 4.dxe5 dxe5 5.Qxd8+ Kxd8 6.f4 Bd6 7.f5 c6 8.Nf3 Nbd7
9.Be3 Ke7 10.h3 b5 11.Bd3 Bb7 12.g4 h6 13.Kf2 a6 14.a4 Nc5 15.Nd2 Rhd8 16.Kf3 Rd7
17.h4 h5 18.gxh5 Nxd3 19.cxd3 Bb4 20.h6 gxh6 21.Bxh6 Nh5 22.axb5 cxb5 23.Nd5+ Rxd5
24.exd5 Bxd2 25.Bxd2 Bxd5+ 26.Kf2 Bxh1 27.Rxh1 Kf6 28.Rg1 Ng7 29.Kf3 Rh8
30.Kg4 Nxf5 31.Bg5+ Ke6 32.Rd1 Ra8 33.Rf1 Nd6 34.Rf6+ Kd5 35.h5 a5 36.h6 Rh8
37.Kh5 b4 38.Bd2 Rh7 39.b3 e4 40.Bf4 Ne8 41.Rf5+ Kd4 42.Kg5 e3 43.Bxe3+  1/2-1/2

[Event "EU-ch U18"]
[Site "Hania"]
[Date "1994.??.??"]
[Round "5"]
[White "Kaminski, Marcin"]
[Black "Gelashvili, Tamaz"]
[Result "1-0"]
[WhiteElo "2440"]
[BlackElo "2260"]

1.e4 d6 2.d4 Nf6 3.Nc3 e5 4.Nf3 Nbd7 5.Bc4 Be7 6.O-O O-O 7.a4 c6 8.Ba2 Qc7
9.Qe2 exd4 10.Nxd4 Re8 11.h3 Bf8 12.Qf3 Ne5 13.Qg3 Qb6 14.Rd1 a5 15.Bb3 Qb4
16.Be3 c5 17.Ndb5 Nxe4 18.Nxe4 Qxe4 19.Nc7 Be6 20.Bxe6 fxe6 21.Nxa8 Rxa8
22.Bxc5 Ng6 23.Bxd6 Bxd6 24.Rxd6 Rf8 25.Qe3 Qxc2 26.Rad1 Nf4 27.Rd8 Qxa4
28.g3 Nxh3+ 29.Kg2 Qg4 30.Rxf8+ Kxf8 31.Rd4 Qf5 32.g4  1-0

[Event "EU-ch U18"]
[Site "Hania"]
[Date "1994.??.??"]
[Round "7"]
[White "Moor, Roger"]
[Black "Gelashvili, Tamaz"]
[Result "0-1"]
[WhiteElo "2085"]
[BlackElo "2260"]

1.e4 d6 2.d4 Nf6 3.Nc3 e5 4.Nf3 Nbd7 5.Bc4 Be7 6.O-O O-O 7.h3 c6 8.Bb3 b5
9.a3 a6 10.Bg5 Qc7 11.Qe2 Re8 12.dxe5 dxe5 13.Rad1 Nc5 14.Ba2 Be6 15.Bxe6 Nxe6
16.Bc1 Bc5 17.Be3 Nf4 18.Qe1 Qa7 19.Rd6 Rac8 20.Bxc5 Qxc5 21.Qd2 N4d5 22.Rxd5 cxd5
23.exd5 a5 24.Rd1 b4 25.axb4 axb4 26.Na2 e4 27.Nd4 e3 28.fxe3 Nxd5 29.Nb3 Qxe3+
30.Kh1 Qxd2 31.Rxd2 Re1+ 32.Kh2 Ne3  0-1

[Event "Harkany op"]
[Site "Harkany"]
[Date "1994.??.??"]
[Round "1"]
[White "Totsky, Leonid"]
[Black "Horvath, Adam"]
[Result "1/2-1/2"]
[WhiteElo "2410"]
[BlackElo "2140"]

1.e4 d6 2.d4 Nf6 3.Nc3 c6 4.g3 e5 5.Bg2 Be7 6.Nge2 O-O 7.O-O Nbd7 8.h3 Qc7
9.g4 Rd8 10.Ng3 Nf8 11.Nf5 Bxf5 12.exf5 exd4 13.Qxd4 h6 14.Bf4 Qb6 15.Qd2 d5
16.Na4 Qb4 17.Qxb4 Bxb4 18.c3 Bd6 19.Be3 N8d7 20.b3 Ba3 21.Rab1 Re8 22.b4 b5
23.Rb3 bxa4 24.Rxa3 Nb6 25.Bd4 Nfd7 26.Rb1 a6 27.Bf1 Reb8 28.Rc1 a5 29.Kg2 axb4
30.cxb4 Nc4 31.Bxc4 Rxb4 32.Rac3 dxc4 33.Rxc4 c5 34.Be3 Rab8 35.a3 Rxc4 36.Rxc4 Ra8
37.Re4 Kf8 38.f6 Nxf6 39.Bxc5+ Kg8 40.Rd4 g6 41.Bb4 Ne8 42.Rd5 Nc7 43.Re5 Ne6
44.Ra5 Nf4+ 45.Kh2 Rxa5 46.Bxa5 g5 47.Bd2 Nd3 48.Kg3 Ne5 49.f4 Nc4 50.Bc1 Kg7
51.fxg5 hxg5 52.Kf3 f5 53.gxf5 Kf6 54.Kg4 Ne5+ 55.Kh5 Nf7 56.Kg4 Ne5+ 57.Kh5 Nf7
58.Be3 Kxf5 59.Bd2 Kf6 60.Ba5 Kf5 61.Bc7 Kf6 62.Kg4 Nh6+ 63.Kf3 g4+ 64.hxg4 Nxg4
65.Ke4 Ke6 66.Kd4 Kd7 67.Bf4 Kc6 68.Kc4  1/2-1/2

[Event "Hastings op9495"]
[Site "Hastings"]
[Date "1994.??.??"]
[Round "?"]
[White "Cifuentes Parada, Roberto"]
[Black "Smith, Alan A"]
[Result "1-0"]
[WhiteElo "2490"]
[BlackElo "2275"]

1.d4 d6 2.e4 Nf6 3.Nc3 c6 4.Nf3 Bg4 5.Be2 e6 6.h3 Bxf3 7.Bxf3 d5 8.e5 Nfd7
9.Ne2 Be7 10.O-O O-O 11.Nf4 Na6 12.Re1 Nc7 13.Be2 f6 14.exf6 Bxf6 15.Bg4 e5
16.Ne6 Nxe6 17.Bxe6+ Kh8 18.Qg4 Nb8 19.dxe5 Be7 20.Be3 Na6 21.Rad1 Qc7 22.c4 Nb4
23.cxd5 cxd5 24.Bf5 g6 25.Bb1 Nc2 26.Bxc2 Qxc2 27.Qd7 Bh4 28.Rd2  1-0

[Event "Hastings op9495"]
[Site "Hastings"]
[Date "1994.??.??"]
[Round "?"]
[White "Gallagher, Joseph G"]
[Black "Parker, Jonathan"]
[Result "1-0"]
[WhiteElo "2470"]
[BlackElo "2400"]

1.e4 d6 2.d4 Nf6 3.Nc3 e5 4.f4 exd4 5.Qxd4 Be7 6.Nf3 O-O 7.Be3 a6 8.O-O-O b5
9.e5 Nc6 10.Qd2 Ng4 11.h3 Nxe3 12.Qxe3 Bb7 13.Bd3 Na5 14.Rhe1 d5 15.f5 d4
16.Qxd4 Qxd4 17.Nxd4 Bxg2 18.f6 Bc5 19.Rg1 Bxd4 20.Bxh7+ Kxh7 21.Rxd4 g6
22.Rxg2 Nc4 23.Nd5 Rfe8 24.b3 Nxe5 25.Nxc7 Nf3 26.Rd1  1-0

[Event "Hastings op9495"]
[Site "Hastings"]
[Date "1994.??.??"]
[Round "?"]
[White "Lemmers, Oscar"]
[Black "Cifuentes Parada, Roberto"]
[Result "0-1"]
[WhiteElo "2370"]
[BlackElo "2490"]

1.e4 d6 2.d4 Nf6 3.Nc3 e5 4.dxe5 dxe5 5.Qxd8+ Kxd8 6.Bg5 Be6 7.O-O-O+ Nd7
8.Bb5 c6 9.Be2 Bc5 10.Nf3 Kc7 11.Bh4 Ng4 12.Rhf1 f6 13.h3 Nh6 14.Bd3 Nf7
15.Nd2 b5 16.Kb1 Rhd8 17.Nb3 Bb4 18.Ne2 g5 19.Bg3 Kb6 20.Nec1 a5 21.c3 Be7
22.Be2 Nd6 23.Nd2 Nc5 24.f3 Kc7 25.h4 h6 26.hxg5 hxg5 27.Rh1 Rh8 28.Bf2 Ndb7
29.g3 Bf7 30.Be3 Bg6 31.Ka1 a4 32.a3 Ne6 33.c4 b4 34.axb4 Bxb4 35.Nd3 Bd6
36.Nb1 Nbc5 37.Nc3 Nb3+ 38.Ka2 Nbd4 39.c5 Nxc5 40.Nxc5 Bxc5 41.Bc4 a3 42.Rxh8 Rxh8
43.f4 gxf4 44.gxf4 Rh3 45.Bg1 axb2 46.Kxb2 Rg3 47.fxe5 Rg2+ 48.Kb1 fxe5 49.Bd3 Bf7
50.Be3 Bb4 51.Rc1 Kb7 52.Bxd4 exd4 53.Nd1 Ba3 54.Rc2 Rg1 55.Rd2 Bb4 56.Rb2 Rxd1+
57.Kc2 Rd2+  0-1

[Event "Hastings op9495"]
[Site "Hastings"]
[Date "1994.??.??"]
[Round "?"]
[White "Crouch, Colin S"]
[Black "Spangenberg, Hugo"]
[Result "1/2-1/2"]
[WhiteElo "2395"]
[BlackElo "2530"]

1.d4 d6 2.e4 Nf6 3.Nc3 c6 4.f4 b5 5.a3 g6 6.Bd3 Bg7 7.Nf3 O-O 8.O-O Bb7 9.Qe1 a6
10.e5 Nd5 11.Ne4 Qc7 12.Qh4 c5 13.f5 dxe5 14.fxg6 fxg6 15.Neg5 Nf6 16.dxe5 Nh5
17.c4 Bxf3 18.Nxf3 Nc6 19.Be4 Rad8 20.Bd5+ Kh8 21.Bxc6 Qxc6 22.Qxe7 bxc4
23.Be3 Rfe8 24.Qxc5 Qxc5 25.Bxc5 Bxe5 26.Nxe5 Rxe5 27.Bb6 Rd3 28.Rac1 Re4
29.Rfe1 Rxe1+ 30.Rxe1 Kg8 31.Ba5 Rd5 32.Bc3 Kf7 33.Rf1+ Rf5 34.Rxf5+ gxf5
35.Kf2 Nf4 36.Kf3 Nd5 37.Bd4 h5 38.h3 Ke6 39.Bg7 Ne7 40.Kf4 Nd5+ 41.Kg5 Ne3
42.Kxh5 Nxg2 43.Kg5 Ne1 44.Bc3 Nf3+ 45.Kf4 Nh4 46.Bd4 Ng6+ 47.Kg5 Ne5 48.Bc3 Nf3+
49.Kf4 Nh4 50.Ke3 Kd5 51.Bf6 Ng2+ 52.Kf3 Ne1+ 53.Kf2 Nd3+ 54.Ke3 f4+ 55.Kf3 Ke6
56.Bc3 Kf5 57.h4 Nc5 58.Ba5 Nd3 59.Bc3 Nc5 60.Ba5 Nd3 61.Bc3  1/2-1/2

[Event "Havana op"]
[Site "Havana"]
[Date "1994.??.??"]
[Round "5"]
[White "Rodriguez, Andres"]
[Black "Matamoros Franco, Carlos S"]
[Result "1/2-1/2"]
[WhiteElo "2435"]
[BlackElo "2400"]

1.e4 d6 2.d4 Nf6 3.Nc3 Nbd7 4.Nf3 e5 5.Bc4 Be7 6.O-O O-O 7.a4 c6 8.Re1 b6
9.Ba2 a6 10.h3 Bb7 11.Be3 b5 12.Nd2 exd4 13.Bxd4 b4 14.Ne2 c5 15.Bxf6 Bxf6
16.c3 a5 17.Qc2 Nb6 18.Ng3 g6 19.Nc4 Bc6 20.Bb3 Nxc4 21.Bxc4 Be5 22.Re3 Rb8
23.Ne2  1/2-1/2

[Event "Havana op"]
[Site "Havana"]
[Date "1994.??.??"]
[Round "8"]
[White "Garcia, Osmel"]
[Black "Ribeiro, Fernando"]
[Result "1-0"]
[WhiteElo "2365"]
[BlackElo "2220"]

1.e4 d6 2.d4 Nf6 3.Nc3 c6 4.Bg5 h6 5.Bh4 Qb6 6.Rb1 Nbd7 7.f3 e5 8.Bf2 Qc7
9.Nge2 g6 10.a4 Bg7 11.dxe5 dxe5 12.Ng3 O-O 13.Bc4 Rd8 14.Qc1 Nf8 15.O-O Be6
16.Be2 Kh7 17.b4 h5 18.Be3 h4 19.Nh1 h3 20.g4 Ng8 21.Nf2 Bh6 22.Nxh3 f6 23.Bd3 Bxe3+
24.Qxe3 g5 25.b5 Ng6 26.bxc6 bxc6 27.Qc5 Kh8 28.Rfd1 Rd7 29.Ba6 Rxd1+ 30.Nxd1 Nh4
31.Be2 Rd8 32.Ne3 Rd2 33.Kf1 Ng6 34.Ke1 Rd4 35.a5 Qh7 36.Bf1 Qh4+ 37.Nf2 Qxh2
38.c3 Rd8 39.Rd1 Rxd1+ 40.Nexd1 Nh4 41.Be2 Ng2+ 42.Kf1 Nf4 43.Qxc6 Qg2+ 44.Ke1 Qg1+
45.Kd2 Bb3 46.Qb5 Bxd1 47.Nxd1 Ng2 48.Bc4 Qf2+ 49.Nxf2  1-0